[Event "Hoogovens"]
[Site "Wijk aan Zee"]
[Date "1997.01.28"]
[Round "9"]
[White "Granda Zuniga, Julio E"]
[Black "Kortschnoj, Viktor Lvovich"]
[Result "1-0"]
[WhiteElo "2620"]
[BlackElo "2635"]
[Annotator "Alterman,B"]
[PlyCount "122"]
[EventDate "1997.01.18"]
[EventType "tourn"]
[EventRounds "13"]
[EventCountry "NED"]
[EventCategory "16"]
[SourceTitle "CBM 057"]
[Source "ChessBase"]
[SourceDate "1997.04.01"]
[SourceVersion "1"]
[SourceVersionDate "1997.04.01"]
[SourceQuality "1"]

1. d4 d5 2. c4 dxc4 3. e4 Nf6 4. e5 Nd5 5. Bxc4 Nb6 6. Bb3 Nc6 7. Ne2 Bf5 8.
Nbc3 e6 9. O-O Qd7 10. a3 Be7 11. Be3 Na5 (11... O-O-O {It is not easy to
attack black on the queenside, since his pieces are controling the center and
d5 square is weak.} 12. Rc1 (12. Qc1 Kb8 13. Rd1 f6 14. Ng3 Bg6 15. Nge4 Na5
16. Ba2 Nac4 17. exf6 gxf6 18. Nc5 Qc6 19. b4 Rhg8 20. b5 Qd6 21. a4 Bh5 22.
Re1 $10 {[#]} Rxg2+ 23. Kxg2 Rg8+ 24. Kh3 {1/2-1/2 Van Wely,L-Anand,V/Wijk (10)
,CBM 51 1996} (24. Kf1 $2 Nxe3+ 25. Rxe3 Qxh2 26. Ke1 Rg1+ $19 {[%csl Rc1,Rf2]}
) (24. Kh1 $4 Bf3#) (24. Kh3 Bg4+ 25. Kg2 Bh5+ $10)) (12. Ba2 f6 13. f4 h6 14.
Qe1 fxe5 15. fxe5 Bg5 16. Bf2 h5 17. Kh1 Qe7 18. Bg1 h4 19. h3 Rhf8 20. b4 Qe8
21. Bb3 Qg6 22. Ra2 Kb8 23. Rf3 Qh6 24. Na4 Nxa4 25. Bxa4 Ne7 26. Nc3 Bf4 {
Tunik,G-Kharlov,A/RUS-ch Elista (01)/1994/1-0 (64)}) 12... Na5 13. Bc2 Nac4 14.
Bxf5 exf5 15. Qc2 f6 16. exf6 Bxf6 17. Bf4 g5 18. Bxc7 Kxc7 19. b3 Nxa3 20. Qa2
Be7 21. Nb5+ Kb8 22. Nxa3 Bxa3 23. Qxa3 Nd5 24. Rc5 f4 25. Ra1 a6 26. b4 Qg4
27. Qb3 f3 28. Qxf3 Qxf3 29. gxf3 Rhf8 30. Kg2 Rf6 31. Rb1 Re6 32. Kf1 Rf6 33.
Rc2 Nc3 {0-1 Rogozenko,D-Maksimenko,A/Lvov 1995}) (11... Rd8 12. Ba2 O-O 13. h3
Kh8 $5 {/N/} (13... h6 $5) 14. f4 Na5 15. Qc1 (15. Ng3 $6 Nac4 16. Bf2 Nxb2 17.
Qe2 N2a4 18. Nxa4 Nxa4 19. Nxf5 exf5 $15) 15... Bd3 (15... f6 $5) 16. b4 $1
Nac4 17. Bf2 a5 18. Rd1 Bg6 19. d5 $1 $16 axb4 20. axb4 Ra8 (20... exd5 21.
Bxc4 Nxc4 22. Nxd5 b5 23. Nxe7 Qxe7 24. Bc5 $18) (20... Bxb4 $2 21. Bxc4 Nxc4
22. Na2 Qb5 23. Nd4 $18) 21. Bxb6 Nxb6 22. dxe6 Qe8 23. exf7 Bxf7 24. Bxf7 {
1-0 Goldin,A-Frog,I/RUS-ch Elista (11) ,CBM 50 1995 (42)}) (11... O-O 12. Ba2
Rfd8 13. h3 Bg6 14. Qe1 a5 15. Bb3 a4 16. Ba2 Na5 17. Nf4 Nb3 18. Nxg6 hxg6 19.
Rd1 Qc6 20. Rd3 Nc4 21. Qe2 Qa6 22. Rfd1 c5 23. dxc5 Rxd3 24. Qxd3 Nxe3 25.
Qxe3 Nxc5 26. Rd4 Qb6 27. Rb4 Qc6 28. Bc4 {1/2-1/2 Van Wely,L-Adianto,U/
Amsterdam Donner (06) ;CBM 55 1996 (43)}) 12. Ba2 Nac4 13. Ng3 Bg6 $14 (13...
Nxb2 14. Qe2 N2a4 (14... Bxa3 $2 {fails because of} 15. Nxf5 exf5 16. Nb1 $16)
15. Nxa4 Nxa4 16. Nxf5 exf5 17. Qf3 c6 (17... Bxa3 $2 18. Bb3 $18) 18. d5 $40)
14. Qe2 Nxe3 15. Qxe3 (15. fxe3 O-O $10) 15... O-O-O (15... O-O $5) 16. Rfd1
Kb8 $6 (16... Rhe8 $5 $10) 17. b4 (17. Rac1 $10) 17... f6 18. Nge4 $1 Nd5 19.
Nxd5 exd5 20. Nc3 fxe5 21. Nxd5 (21. Bxd5 $2 exd4 22. Rxd4 c6) (21. Qxe5 $6 Bf6
22. Qxd5 $2 Qg4 23. Qc4 Bxd4 24. Rac1 Rhf8 25. Rf1 Bd3 $19) 21... e4 22. Nxe7
Qxe7 23. d5 Qd6 24. Rd4 Rhf8 25. Re1 Qf6 26. Bb1 a6 27. Qd2 (27. Bxe4 Bxe4 28.
Rxe4 Rxd5 $10) 27... Rfe8 28. h3 (28. Bxe4 $2 Bxe4 29. Rdxe4 Rxe4 30. Rxe4 Qa1+
31. Qe1 Qxa3 $17) 28... c6 $1 $14 (28... e3 29. fxe3 Bxb1 30. Rxb1 Qg6 $16) (
28... Qe5 29. Bxe4 Bxe4 30. Rdxe4 Qxe4 31. Rxe4 Rxe4 32. Qg5 $16) 29. d6 (29.
Bxe4 Bxe4 30. Rexe4 Rxe4 31. Rxe4 Rxd5 32. Re8+ Kc7 33. Qe3 $14) 29... Rd7 30.
Bxe4 Rxe4 31. Rexe4 Bxe4 32. Rxe4 Rxd6 33. Re8+ Kc7 34. Qe3 g5 $6 (34... h6 35.
g3) 35. g3 $6 (35. Re7+ $1 Rd7 36. Rxd7+ Kxd7 37. Qd3+ Kc8 38. Qxh7 Qa1+ 39.
Kh2 Qxa3 40. Qg8+ Kc7 41. Qxg5 Qxb4 42. h4 $16) 35... h6 36. Re7+ Kc8 37. Rh7
Rd7 38. Qe8+ (38. Rxd7 Kxd7 39. f4 $10) 38... Rd8 39. Qe2 Kb8 40. Kg2 Rh8 $2 (
40... Rf8 41. Re7 Qd6 42. Re6 Qd5+ 43. f3 $16) (40... Rd6 $5 $14) 41. Re7 (41.
Rxh8+ Qxh8 42. f4 $14) 41... Rf8 42. Re6 Qd4 43. Rxh6 Qd5+ (43... Rf5 $16) 44.
f3 Qb3 45. Rh5 Qxa3 46. Rxg5 Qxb4 47. h4 $18 Ka7 48. Qe3+ Qb6 49. Qxb6+ Kxb6
50. h5 a5 51. h6 Re8 52. g4 a4 53. Rh5 a3 54. g5 Re1 55. h7 a2 56. h8=Q a1=Q
57. Qxa1 Rxa1 58. g6 Ra8 59. f4 Kc7 (59... Rg8 60. f5 $18) 60. f5 Kd6 61. g7
Ke7 (61... Rg8 62. f6 Ke6 63. Rh8 Kf7 $18 64. Kf3 c5 65. Ke4 c4 66. Kf5 c3 67.
Rxg8 Kxg8 68. Kg6 c2 69. f7#) 1-0

[Event "Candidates FIDE m6"]
[Site "Wijk aan Zee"]
[Date "1994.??.??"]
[Round "1"]
[White "Timman, Jan H"]
[Black "Lautier, Joel"]
[Result "1/2-1/2"]
[WhiteElo "2620"]
[BlackElo "2625"]
[Annotator "Ambroz,J"]
[PlyCount "96"]
[EventDate "1994.01.16"]
[EventType "match"]
[EventRounds "8"]
[EventCountry "NED"]
[SourceTitle "CBM 039"]
[Source "ChessBase"]
[SourceDate "1994.04.01"]
[SourceVersion "1"]
[SourceVersionDate "1994.04.01"]
[SourceQuality "1"]

1. d4 {Wolff} d5 2. c4 dxc4 3. e4 Nc6 4. Nf3 Bg4 5. d5 Ne5 6. Bf4 Ng6 (6...
Nxf3+ 7. gxf3 Bd7 8. Bxc4) (6... Nd3+ 7. Bxd3 cxd3 8. Qxd3) (6... Bxf3 7. gxf3
(7. Qa4+ $2 {Wolff} b5 $1 8. Qxb5+ c6 9. Qa4 Bxe4 $17) 7... Nd3+ 8. Bxd3 cxd3
9. Qxd3) 7. Bg3 (7. Be3) 7... e5 (7... Nf6 {Wolff} 8. Nc3 e6 9. Bxc4 exd5 10.
Bxd5 $5 c6 (10... Nxd5 $142 11. Nxd5 Bd6) 11. Qa4 $1 Bxf3 12. gxf3 Be7 (12...
Nxd5 13. exd5 $1) 13. Bb3 O-O 14. e5 Nd7 15. Rd1 Qc8 16. Bxf7+ $1 $16 {Xu
Jun-Nikolic,Ne Belgrade GMA Open 1988} Kxf7) 8. Bxc4 Bd6 (8... a6 9. d6 $5 cxd6
(9... Qxd6 10. Bxf7+ (10. Qb3 Qb4+) 10... Kxf7 11. Ng5+ Ke8 12. Qxg4 Nf6 13.
Qe2 $5 $14) 10. Qb3 Qe7 (10... Qd7 11. Ng5 Nh6 12. f3 Bh5 13. Nc3 $36) 11. Nc3
$44) (8... Nf6 $5 {Wolff} 9. Bb5+ $140 Nd7) 9. Bb5+ $1 Bd7 (9... Kf8 $5) 10.
Bxd7+ Qxd7 11. Nc3 Nf6 12. O-O O-O (12... h5 13. Nh4 {>< f5} Nxh4 14. Bxh4 $14)
13. Rc1 b5 (13... h6 $5 {/\ Nh7-g5} 14. Qd3 (14. Nh4 Nxh4 15. Bxh4 Nh7) 14...
a6 15. Nd1 Nh5 {>< f4}) (13... Nh5 14. Nxe5) 14. Qc2 Rfb8 15. Nd1 $1 b4 (15...
a5 $142 {Wolff /\ ...a5-a4}) 16. Ne3 Qb5 (16... b3 17. axb3 Qb5 18. Nd2 $16)
17. Nc4 (17. Nf5 b3 $1 18. axb3 Qxb3) (17. Nd2 $5) 17... Nd7 (17... b3 $5 18.
axb3 Qxb3 19. Qe2 (19. Nfxe5 Qxc2 20. Rxc2 Nxe4 $5 (20... Nxe5 21. Bxe5 Nxe4
22. Re1 $14) 21. Nxg6 Nxg3 $10) 19... Qb5 $5) 18. Nfd2 Be7 $6 19. Ne3 Bd6 (
19... Rb7 20. Qc6) (19... Bc5 20. Nf5) 20. Nf5 Nf6 21. Nc4 (21. Rfe1 Nh5 $5)
21... b3 (21... Rd8 22. Qe2 {/\ Qf3->}) 22. axb3 Qxb3 23. Qe2 (23. Qxb3 Rxb3
24. Ncxd6 cxd6 25. Nxd6 Rd8 (25... Rxb2) 26. Rc6 (26. Rc8 Rxc8 27. Nxc8 Nxe4
28. d6 Rd3 29. Ne7+ Kf8) 26... Rb6 27. Rxb6 (27. Rfc1 Rxd6 28. Rxd6 Rxd6 29.
Rc8+ Nf8 30. Bxe5 Ra6 31. f3 N6d7 32. Bd4 Ra1+ 33. Kf2 Rd1) 27... axb6 28. Nc4
Nxe4 29. Bxe5 Nxe5 30. Nxe5 Rxd5 $10) 23... Qb4 (23... Qb5 24. Qf3) 24. Ncxd6 (
24. Qf3 $5 a5 25. Nh6+ Kf8 26. h4 a4 27. h5 Ne7 28. Bh4 Neg8 29. Nf5 Qb3 $2 30.
Rc3 Qb4 31. Nxg7 $1 Kxg7 32. h6+ $18) 24... cxd6 25. Rc4 $1 Qb6 (25... Qxb2 $4
26. Rc8+ Nf8 27. Ne7+ Kh8 28. Rxf8+) (25... Qb3 26. Rfc1 $5 $14 (26. Nxd6 Rb6
$5 (26... h5) 27. Rc6 Qxb2 28. Qxb2 Rxb2 29. Rc7 a5 $5 $13)) 26. Rc6 Qb4 27.
Nxd6 Rd8 (27... h5 $5) 28. Nc4 Ne7 (28... Qb5 29. Qf3 Ne7 30. Rxf6 $5 gxf6 31.
Qxf6 Qxc4 (31... Ng6 32. Nxe5 Rf8 33. Ng4 h5 34. Nh6+ $18) 32. Bxe5 Kf8 33.
Qh8+ Ng8 34. Bf6 Qxe4 35. Qg7+ Ke8 36. Qxg8+ Kd7 37. Qxf7+ $18) 29. Ra6 (29.
Rxf6 $5 $40) 29... Rac8 (29... Qb5 30. Ra5) 30. Nxe5 Qxe4 31. Qxe4 Nxe4 32.
Rxa7 (32. Nc6 Nxc6 33. dxc6) 32... Nxd5 33. Nxf7 Nxg3 34. hxg3 Rf8 35. Ng5 (35.
Rd1 Rxf7 (35... Nb4 $6 36. Rdd7 Nc6 37. Nh6+ Kh8 38. Nf7+ Kg8 39. Rac7) 36.
Rxf7 Kxf7 37. Rxd5 Rc1+ 38. Kh2 Rc2 39. Rd7+ Kf6 40. b4 $14) 35... h6 36. Ne4 (
36. Ne6 $1 Rf7 37. Rxf7 (37. Rfa1 $5) 37... Kxf7 38. Nf4 $18) 36... Rc2 37. Rb7
(37. Rd1 Nf6 38. Nxf6+ Rxf6) 37... Re2 38. Rb5 (38. Nc3 Nxc3 39. bxc3 Rc2 40.
Rc7 Rf7 $1) (38. f3 Ne3 39. Rf2 Re1+ 40. Kh2 Nf1+ 41. Kh3 Ne3 $10 42. Kh2 (42.
g4 Rh1+ 43. Kg3 Nf1+ 44. Rxf1 Rxf1 45. b4 Rf7 $10) 42... Nf1+) (38. Nc5 {Wolff}
Rc8 39. Nd3 Rcc2 (39... Rd2 40. Ne1 $1 $16 {/\ Nf3}) 40. Rd7 (40. b4 Red2 41.
Nf4 (41. Ne5 Ne3 42. Re1 $8 Rxf2 43. Rxe3 Rxg2+ 44. Kf1 Rh2 45. Nf3 Rh1+ 46.
Ng1 Rc1+ $10) 41... Nxf4 42. gxf4 Rb2 $14) (40. Rd1 Ne3 41. Re1 $1 $16 (41. Ra1
Ng4 $10 42. Ra8+ $140 Kh7 43. Raa7 Rc1+ $1 44. Nxc1 Re1#) (41. fxe3 Rxg2+ 42.
Kf1 Rh2 43. Kg1 $10)) 40... Ne3 41. Re1 Rxe1+ 42. Nxe1 $16) 38... Rxe4 39. Rxd5
Re2 40. Rb5 Rc8 41. g4 Rcc2 42. b3 Rb2 43. g5 hxg5 44. Rxg5 Rxb3 45. Rc1 Rb7
46. Rc8+ Kh7 47. f3 Rb1+ 48. Kh2 Rb6 1/2-1/2

[Event "Oakham YM"]
[Site "Oakham"]
[Date "1992.??.??"]
[Round "6"]
[White "Shirov, Alexei"]
[Black "Kramnik, Vladimir"]
[Result "0-1"]
[WhiteElo "2655"]
[BlackElo "2590"]
[Annotator "Anand,V"]
[PlyCount "66"]
[EventDate "1992.03.??"]
[EventType "swiss"]
[EventRounds "9"]
[EventCountry "ENG"]
[SourceTitle "CBM 030"]
[Source "ChessBase"]
[SourceDate "1992.10.01"]
[SourceVersion "1"]
[SourceVersionDate "1992.10.01"]
[SourceQuality "1"]

1. d4 d5 2. c4 dxc4 3. e4 c5 4. Nf3 (4. d5) 4... cxd4 5. Bxc4 {I don't really
believe this sacrifice} (5. Qxd4 Qxd4 6. Nxd4 Bd7 7. Bxc4 Nc6 $10) 5... Nc6 6.
O-O e6 (6... e5 $6 7. Ng5 $36) 7. a3 Bd6 $1 (7... Nf6 8. e5 Nd7 9. Bf4 $44) 8.
b4 Nf6 (8... a6 $1) 9. b5 Na5 (9... Ne5 10. Nxe5 Bxe5 11. f4 Bc7 $13) 10. e5
Nxc4 11. exf6 gxf6 12. Qxd4 Ne5 (12... Be5 13. Qxc4 (13. Qxd8+ Kxd8 $15) 13...
Bxa1 14. Bh6 $44) 13. Qe4 Bd7 14. Nc3 $2 (14. a4 $1) 14... Rc8 $17 15. Bb2 Nc4
16. Rad1 (16. Bc1 Qa5 $36) 16... Nxb2 17. Rxd6 Rxc3 $19 18. Qxb7 Qc7 19. Qa8+
Bc8 20. Ra6 Rc1 21. Nd2 O-O $1 22. Rxa7 Qc3 23. Rxc1 Qxc1+ 24. Nf1 e5 25. Qf3
Be6 26. Qg3+ Kh8 27. Qe3 Qxe3 28. Nxe3 Rb8 29. a4 f5 30. f4 exf4 31. Nf1 Bb3
32. Nd2 Bxa4 33. Rxf7 Rxb5 {'I just slept' - Shirov in the bulletin.} 0-1

[Event "Grand Slam Final 7th"]
[Site "Bilbao"]
[Date "2014.09.18"]
[Round "4"]
[White "Anand, Viswanathan"]
[Black "Vallejo Pons, Francisco"]
[Result "1-0"]
[WhiteElo "2785"]
[BlackElo "2712"]
[Annotator "Anand,V"]
[PlyCount "65"]
[EventDate "2014.09.14"]
[EventType "tourn"]
[EventRounds "6"]
[EventCountry "ESP"]
[EventCategory "21"]
[SourceTitle "CBM 163"]
[Source "ChessBase"]
[SourceDate "2014.11.11"]
[SourceVersion "1"]
[SourceVersionDate "2014.11.11"]
[SourceQuality "1"]

{Played after the rest day, where Paco had shown himself to be the best
"Basque games" sportsman!} 1. d4 d5 2. c4 dxc4 {...and this was a surprise,
the QGA hasn't figured much in Paco's games.} 3. e4 Nc6 4. Nf3 Bg4 5. d5 Ne5 6.
Bf4 Ng6 7. Be3 e5 8. Bxc4 Nf6 9. Nc3 a6 {I remembered a game Karpov-Milov Biel
1997 and tried to follow that.} 10. Be2 {Karpov castled first.} Bd6 11. Nd2
Bxe2 {I think Black is better off playing ...Bd7, even if White has gained
some time.} 12. Qxe2 O-O 13. O-O {Here I was very happy with my position. The
absence of light-squared bishops means that Black's attack will struggle to
have an impact and White has pleasant prospects (for instance, Nd2-c4-a5) on
the queenside.} Qe7 14. Rfd1 Rac8 {Aiming for c6, but as the game shows, White
is quite happy there.} 15. g3 {This could have been played earlier as well.
Now the knight on g6 is misplaced.} h6 {I don't like this move, but its
unpleasant to have to reckon with Bg5 on every move.} 16. Rac1 (16. a3 $5 Bc5 (
16... c6 17. Nc4 cxd5 18. Nxd5 Nxd5 19. Rxd5 Bc5 20. Rad1 {and White can play
this directly}) 17. Rac1 {was also very nice.}) 16... c6 17. Nc4 cxd5 18. Nxd5
(18. Nb6 {more or less forces ...Rxc3:} Rxc3 (18... d4 19. Nxc8 Rxc8 20. Nd5 $1
) 19. bxc3 dxe4 20. c4 {also was tempting, but I went for the "cleaner" option.
}) 18... Nxd5 19. Rxd5 Bc5 20. Rcd1 Bxe3 21. Nxe3 {The point of White's play.
White dominates the d-file (and any exchange of rooks will give White a passed
pawn). The knight on e3 is far superior to the one on g6. Eventually, some
combination of Nf5, Qg4, h4-h5 and the appropriate rook move should be
decisive. Despite the equal material, White has a huge advantage.} Qb4 22. Nf5
Rc4 (22... Qc4 23. Qg4 Qxa2 24. h4 {simply wins.}) 23. Nd6 {Still, no harm
done. White forces the rook back.} (23. a3 Rxe4 24. Qf3 Re1+ 25. Kg2 Qe4 26.
Rxe1 Qxe1 27. Rd1 $1 {is the comp recommendation. I had seen it, but didn't
notice that ...e4 Qh5 traps the queen!} Qa5 (27... e4 28. Qh5 $1 Qa5 29. Nxh6+
$18) 28. Qxb7) 23... Rc6 24. a3 Qb3 25. R5d3 Qb6 26. Nf5 {Having ejected the
queen, White goes back to the Qg4 and h4 plan.} Re8 27. Rd7 {Stopping ...Ne7.}
(27. h4 Ne7) 27... Rf6 (27... Nf8 28. Ne7+ Kh8 29. Nxc6 Nxd7 30. Rxd7 Qxc6 31.
Rxf7) 28. Qg4 Qc6 (28... Qxb2 29. h4 h5 30. Qxh5 Qxa3 31. Qg4 Qf8 32. h5 Ne7
33. Rxe7 Rxe7 34. Rd8 $18) 29. h4 h5 30. Qxh5 Qxe4 31. Rd8 (31. Nd6 $2 Qc2 $1
32. Nxe8 Rxf2 {even wins for Black.}) 31... Qc6 (31... Rfe6 32. Rxe8+ Rxe8 33.
Nd6 {now this wins the exchange, since Qh5 defends Rd1.}) 32. Qg5 Qe6 33. R1d6
{and Paco resigned. My best win of the event.} 1-0

[Event "Linares 11th"]
[Site "Linares"]
[Date "1993.??.??"]
[Round "5"]
[White "Gelfand, Boris"]
[Black "Anand, Viswanathan"]
[Result "0-1"]
[WhiteElo "2690"]
[BlackElo "2710"]
[Annotator "Anand,V"]
[PlyCount "80"]
[EventDate "1993.02.??"]
[EventType "tourn"]
[EventRounds "13"]
[EventCountry "ESP"]
[EventCategory "18"]
[SourceTitle "CBM 034"]
[Source "ChessBase"]
[SourceDate "1993.06.01"]
[SourceVersion "1"]
[SourceVersionDate "1993.06.01"]
[SourceQuality "1"]

1. d4 {Ftacnik} d5 2. c4 dxc4 3. e4 c5 4. d5 Nf6 5. Nc3 b5 6. Bf4 Qa5 7. e5 Ne4
8. Nge2 Na6 $1 9. f3 Nb4 $1 $146 (9... Nxc3 10. Nxc3 Bf5 11. g4 Bg6 12. a4 $16
{Beliavsky-Anand}) 10. fxe4 Nd3+ 11. Kd2 g6 $3 (11... Nf2 $2 12. Qe1 Nxh1 (
12... Nxh1 {Ftacnik} 13. g3 $13)) 12. b3 $2 (12. a4 b4 $19 (12... b4 {Ftacnik}
13. Nb5 a6 $17)) (12. d6 exd6 13. a4 Nxf4 $1 (13... b4 14. Nd5 $13) 14. Nxf4
Bh6 15. g3 dxe5 16. axb5 Qd8+ 17. Kc2 Qxd1+ 18. Rxd1 exf4 $17) (12. g3 $5 Bg7
13. Bg2 Nxe5 $44) (12. Ke3 Bg7 13. g3 $1 $13 (13. Nc1 $2 Nxf4 14. Kxf4 Bxe5+
15. Kxe5 g5 $1 {Gelfand} 16. d6 f6+ 17. Kd5 e6+ 18. Kxc5 Qb6+ 19. Kb4 a5+ 20.
Ka3 Qc5+)) (12. Bg3 {Ftacnik} Bh6+ 13. Kc2 b4 $1 (13... Qb4 14. Qb1 $1 $16 (14.
Rb1 $2 Qb3+ $1 15. axb3 Nb4#))) (12. Ke3 $5 $13 {Ftacnik}) 12... Bg7 13. bxc4
Nxf4 14. Nxf4 $2 (14. cxb5 Bxe5 15. Qb3 $17) 14... Bxe5 15. Nfe2 b4 16. Qa4+ (
16. Rc1 {Ftacnik} bxc3+ 17. Nxc3 Bf4+ $19) 16... Qxa4 17. Nxa4 Bxa1 18. Nxc5
O-O $1 $19 (18... f5 19. Nf4 $132 {><e6}) 19. Nd3 a5 20. g3 Bg7 21. Bg2 Ba6 $1
22. c5 (22. Rc1 Rac8 23. c5 {-22.c5}) 22... Rac8 23. c6 Rfd8 24. Rc1 Bh6+ 25.
Nef4 (25. Ndf4 e5 26. Bh3 f5 $1 $19) 25... Bxd3 26. Kxd3 e5 27. Kc4 exf4 28.
Re1 fxg3 (28... f6 29. Rf1 $5 g5 30. h4) 29. e5 Bf4 30. hxg3 (30. Re4 g5 $19)
30... Bxg3 31. Re3 Bf4 $1 (31... Bh2 32. d6) 32. Re4 Bh2 (32... g5 $19) 33. Bh3
Rc7 34. Re2 Bg3 35. Re3 Bf4 36. Re4 g5 $19 37. Kc5 Re7 38. Kd4 (38. d6 Rxe5+
39. Rxe5 Bxe5 40. Bd7 h5 $1 41. c7 Rf8 42. Kd5 Bf4 $19 (42... Bxd6 43. Kxd6 g4
44. Ke7 {/\Be8} Ra8 $1 $19) 43. Be8 $140 Rxe8 44. d7 Re5+ 45. Kd4 Re4+ 46. Kxe4
Bxc7 $19) 38... f6 $1 39. d6 Bxe5+ 40. Rxe5 Rxd6+ 0-1